Zaznacz prawdziwe państwa - Statystyki

Ogólne statystyki
  • Ten quiz został rozwiązany 78 razy
  • Średni wynik to 13 z 20
Answers on the Grid
Answers color-coded by a green-red scale on the quiz's grid according to % correct below.
Afganistan
Angola
Arugo
Australia
Austria
Bahrajn
Bahrany
Barabados
Benin
Borussia
Burnei
Burundi
Chiny
Europa
Filipiny
Finilandia
Gabon
Galan
Gambia
Gamibia
Gana
Ghana
Gwinea
Kaliningrad
Kanada
Królewiec
Libre
Mazowsze
Pacyfik
Padżykistan
Pugistan
Purkmenistan
Rosja
Ruzja
Stany Niepodległe
Stany Zjednoczone
Stuttgart
Tadżykistan
Turkmenistan
Uzpetistan
Wyspy Brytyjskie
Wyspy Filipińskie
Wyspy Izaaka
Wyspy Judasza
Wyspy Kanaryjskie
Wyspy Marshalla
Wyspy Salomona
 
Statystyki odpowiedzi
Odpowiedź % Poprawnych
państwo w Azji Afganistan
100%
państwo w Afryce Angola
92%
państwo w Australii Australia
92%
państwo w Europie Austria
88%
państwo w Azji Bahrajn
80%
państwo w Afryce Benin
66%
państwo w Azji Chiny
66%
państwo w Azji Filipiny
62%
państwo w Afryce Gabon
60%
państwo w Ameryce Płn. Kanada
60%
państwo w Azji Rosja
60%
państwo w Afryce Gwinea
58%
państwo w Azji Tadżykistan
58%
państwo w Azji Turkmenistan
58%
państwo w Afryce Gambia
56%
państwo w Afryce Ghana
56%
państwo w Ameryce Płn. Stany Zjednoczone
56%
państwo w Australii Wyspy Marshalla
56%
państwo w Australii Wyspy Salomona
56%
państwo w Afryce Burundi
52%
Nie znaleziono quizów pasujących do podanych kryteriów
Rozkład punktacji
Procent ludzi z każdym wynikiem
Percentyl według liczby udzielonych odpowiedzi
Twoja historia wyników
Nie rozwiązałeś tego quizu